| 000 | 01105cam a22002175a 4500 | ||
|---|---|---|---|
| 001 | E144381 | ||
| 008 | 080715s2008 xxk f 000 0 eng d | ||
| 035 | _a(Sirsi) u144381 | ||
| 041 | 0 | _aeng | |
| 050 | 0 | 4 | _a658.404 $2 18 |
| 110 | 2 |
_aRoyal Institution of Chartered Surveyors _94900 |
|
| 245 | 0 | 0 | _aProject manager services |
| 260 |
_aCoventry _bRICS _c2008 |
||
| 300 |
_a[7]p. _c30cm |
||
| 520 | _aRICS Consultancy form of appointment. For use with the RICS standard form of consultant's appointment and the RICS short form of consultant's appointment. Provides the list of core services and supplementary services to be provided by a project manager as part of a project. Includes a schedule of meetings to be attended by the Consultant. Contains work stages from the Royal Institute of British Architects Outline Plan of Work 2007 (preparation, design, pre-construction, construction, and use). Written in plain English. | ||
| 521 | _aAdvanced | ||
| 651 | 4 |
_aEngland and Wales _y1543- |
|
| 690 | _aBUILT ENVIRONMENT-BUILDING CONTRACT FORMS | ||
| 690 |
_aProject management _96261 |
||
| 942 | _n0 | ||
| 999 |
_c108484 _d108484 |
||